| 000 | 02876cam a2200421 i 4500 | ||
|---|---|---|---|
| 001 | 22543156 | ||
| 005 | 20250520115655.0 | ||
| 008 | 220511s2022 gw b b 001 0 ger | ||
| 010 | _a 2022938368 | ||
| 020 | _a9783110795103 | ||
| 037 | _cTB | ||
| 040 |
_aBL _beng _erda _cBL |
||
| 041 |
_2eng _aeng |
||
| 042 | _apcc | ||
| 043 | _ae-gx--- | ||
| 050 | 0 | 0 |
_aDD237 _b.K67 2022 |
| 084 |
_aV55:1.N5 113R2 _qCRL |
||
| 100 | 1 |
_aKolb, Eberhard, _d1933- _eauthor. _9809039 |
|
| 245 | 1 | 4 | _aDie Weimarer Republik / |
| 250 | _a9., durchgesehene und erweiterte Auflage. | ||
| 264 | 1 |
_aBerlin : _bDe Gruyter Oldenbourg, _c[2022] |
|
| 300 |
_aviii, 399p. : _bmap ; _c23 cm. |
||
| 336 |
_atext _btxt _2rdacontent |
||
| 337 |
_aunmediated _bn _2rdamedia |
||
| 338 |
_avolume _bnc _2rdacarrier |
||
| 365 |
_b1185.80 _cINR |
||
| 490 | 0 |
_aOldenbourg Grundriss der Geschichte, _x2190-2976 ; _vBand 16 |
|
| 504 | _aIncludes bibliographical references (page 295-368) and index. | ||
| 520 |
_a"Die Weimarer Republik von Eberhard Kolb ist seit vielen Jahren als Standardwerk für Studium und Forschung anerkannt und als Arbeitsbuch unentbehrlich geworden. Das Werk stellt die drei Phasen der Geschichte der Republik im Überblick dar, führt detailliert ein in die Forschungsdebatten zur Innen- und Aussenpolitik und zur Entwicklung von Gesellschaft und Wirtschaft und enthält eine ausführliche Bibliographie zu diesen Themenkomplexen. Für die 2013 erschienene 8. Auflage wurde der Forschungsteil überarbeitet und von Dirk Schumann um ein Kapitel zur Kultur ergänzt. In der durchgesehenen und erweiterten 9. Auflage behandelt Dirk Schumann in einem eigenen Forschungsbericht zentrale seit der letzten Auflage publizierte Werke zu den verschiedenen thematischen Feldern und bietet so einen Einblick in die aktuellen Forschungsdebatten."-- _cPublisher's website. |
||
| 520 |
_a"Eberhard Kolb's standard work presents three phases of the history of the Weimar Republic and provides a detailed introduction to the research debates on domestic and foreign policy and the development of society and the economy. The 9th edition inlcudes the text published together with Dirk Schumann in 2013, complemented by a chapter on culture, now expanded by a supplementary report on the research literature published since the last edition."-- _cPublisher's website. |
||
| 650 | _2German - History | ||
| 651 | 0 |
_aGermany _xHistory _y1918-1933. _9809040 |
|
| 700 | 1 |
_aSchumann, Dirk, _eauthor. _9809041 |
|
| 906 |
_a7 _bcbc _corignew _d3 _eepcn _f20 _gy-gencatlg |
||
| 942 |
_2CC _cTB _hV55:1.N5 113R2 _n0 |
||
| 999 |
_c1428869 _d1428869 |
||